Dynamic meteorology

Main Author: Panchev, 1933-
Published: Dordrecht [Netherlands]: D. Reidel Pub. Co., 1985..
Series:Environmental fluid mechanics
Subjects:
LEADER 00644cam a2200205 7i4500
001 0000005999
005 20020413090000.0
010 # # |a 84027698 
020 0 0 |a 9027717443  
035 0 0 |a 0142-75060 
090 0 0 |a QC 880   |b P1883 
100 1 0 |a Panchev,   |d 1933-   |q (Stoicho)  
245 1 0 |a Dynamic meteorology   |c S. Panchev. 
260 0 0 |a Dordrecht [Netherlands]:   |b D. Reidel Pub. Co.,   |c 1985.. 
300 # # |a 360p.:   |b ill.;   |c 25cm.. 
490 0 0 |a Environmental fluid mechanics 
500 0 0 |a Translation of: Dimamichna meteorologiia. 
504 0 0 |a Bibliography: p. 339-343. 
650 0 0 |a Dynamic meteorology.  
999 |a 1000392315  |b Book  |c Open Shelf  |e KOLEKSI TERBUKA